000 00329nam a2200145Ia 4500
008 191201s2010 xx 000 0 und d
082 _a338.5DWM
100 _aDWIVEDI, D N
245 0 _aMacroeconomic: Theory and Policy
250 _a3rd
260 _aN. Delhi
_bTMH
_c2010
300 _a667
650 _aBBA
942 _2ddc
_cBK
999 _c4879
_d4879